000 00440nam a2200145Ia 4500
003 OSt
005 20260128105941.0
008 211028s2017 xx 000 0 und d
040 _cAIMIT LIBRARY
041 _aeng
100 _aSushanth c; Nazareth, Teresa.
_g1516167
_97739
245 _aStudy on role of behavioral factors and emotional quotient towards role efficacy /
260 _aMangalore
_bTeresa Nazareth.
_c2017
942 _2ddc
_cPRO
999 _c219307
_d219307